00546nam a22001695i 450000100060000000300090000600500170001500700030003200800410003504000200007610000300009624501220012626000550024830000220030365000300032585200210035553421ES-MaACL20250815062601.0t|950925s1878 sp ||||1| spa d aCAM bspa cCAM1 aEspaña Lledó, José.10aCompendio de historia universal b: para uso de los alumnos de segunda enseñanza / cpor José España y Lledó. aCastellón : b[s.n.], c1878 (fRovira Hermanos) a504 p. ; c21 cm. 7aHistoria universal2embne aES-MaACLjC-3282